XG by Teaser Image - Statistics

General Stats
  • This quiz has been taken 5 times
  • The average score is 11 of 15
Answer Stats
Picture Answer % Correct
GALA
100%
IYKYK
100%
Mascara
100%
SHOOTING STAR
100%
Something Ain't Right
100%
Tippy Toes
100%
Woke Up
100%
New Dance
75%
Winter Without You
75%
GRL GVNG
50%
IN THE RAIN
50%
IS THIS LOVE
50%
MILLION PLACES
50%
NEW DNA
25%
AWE
0%
No matching quizzes found
Score Distribution
Percent of People with Each Score
Percentile by Number Answered
Your Score History
You have not taken this quiz